000 00866nam a2200241Ia 4500
003 GCL
008 140319s9999 xx 000 0 ara d
040 _aGCL /
_cGCL
082 0 4 _a346.04
_bع م
100 1 _aعبدالفتاح مراد
_vReviewer
_@
…راجع
245 1 0 _aالمشكلات العملية فى قضاء التنفيذ /
_cعبدالفتاح مراد
700 1 _aعبدالحميد المنشاوى
260 _a[S.N] :
_bمنشاة المعارف الاسلامية ،
_c1988
300 _a354 ص
490 _aسلسلة الكتب القانونية
_v0
650 0 4 _aالقانون المدنى
650 0 4 _aقانون الملكية
650 0 4 _aالحيازة
650 0 4 _aنوع الملكية
650 0 4 _aقانون الاجراءات المدنية
650 0 4 _aالحجز الادارى
942 _2ddc
_cBK
999 _c31980
_d31980